Najwięcej zwycięstw w konkursach PŚ/Ski jumping - Statystyki

Ogólne statystyki
  • Ten quiz został rozwiązany 620 razy
    485 od ostatniego zresetowania
  • Średni wynik to 7 z 10
Statystyki odpowiedzi
Liczba Zwycięstw Kraj Odpowiedź % Poprawnych
39 Polska Adam Małysz
97%
39 Polska Kamil Stoch
97%
25 Austria Stefan Kraft
90%
36 Finlandia Janne Ahonen
89%
27 Japonia Ryoyu Kobayashi
77%
53 Austria Gregor Schlierenzauer
72%
46 Finlandia Matti Nykanen
65%
28 Niemcy Martin Schmitt
55%
33 Niemcy Jens Weissflog
30%
25 Austria Andreas Felder
15%
Nie znaleziono quizów pasujących do podanych kryteriów
Rozkład punktacji
Procent ludzi z każdym wynikiem
Percentyl według liczby udzielonych odpowiedzi
Twoja historia wyników
Nie rozwiązałeś tego quizu od ostatniego zresetowania